The relationship between long term use of intranasal corticosteroid and intraocular pressure /
Saved in:
| Main Author: | |
|---|---|
| Format: | Thesis Book |
| Language: | English |
| Published: |
Kuala Lumpur :
Universiti Kebangsaan Malaysia ,
[2017], ©2017.
|
| Subjects: | |
| Tags: |
Add Tag
No Tags, Be the first to tag this record!
|
| LEADER | 01255nam a2200325 c 4500 | ||
|---|---|---|---|
| 003 | UKM | ||
| 005 | 20181023170400.0 | ||
| 008 | 181011 2017 my a m 001 0 eng d | ||
| 020 | |c Hadiah | ||
| 039 | 9 | |a 201810231704 |b azriq |y 10-11-2018 |z raja | |
| 040 | |a UKM |e rda | ||
| 090 | |a tesis WW20.A976r 2017 9HUKM | ||
| 090 | |a tesis WW20 |b .A976r 2017 9HUKM | ||
| 100 | 0 | |a Ayesha Mohd Zain |e author. | |
| 245 | 1 | 4 | |a The relationship between long term use of intranasal corticosteroid and intraocular pressure / |c Ayesha Mohd Zain. |
| 264 | 4 | |a Kuala Lumpur : |b Universiti Kebangsaan Malaysia , |c [2017], ©2017. | |
| 300 | |a x, 78 pages : |b illustrations ; |c 30 cm. | ||
| 336 | |a text |2 rdacontent | ||
| 337 | |a unmediated |2 rdamedia | ||
| 338 | |a volume |2 rdacarrier | ||
| 502 | |a Thesis (Degree of Doctor of Ophthalmology) - Universiti Kebangsaan Malaysia, 2017. | ||
| 650 | 2 | |a Ophthalmology. | |
| 650 | 2 | |a Dissertations, Academic as Topic. | |
| 650 | 4 | |a INDAMET. | |
| 907 | |a .b16631821 |b 18-11-21 |c 12-11-19 | ||
| 998 | |a h |b 10-11-18 |c m |d x |e - |f eng |g my |h 4 | ||
| 914 | |a vtls003638414 | ||
| 990 | |a haziq/azriq | ||
| 991 | |a Jabatan Oftalmologi, PPUKM. | ||
| 945 | |g 1 |i 00002206667 |j 0 |l h0013 |n No. of pieces: 1 |o - |p MYR0.00 |q - |r - |s - |t 1 |u 0 |v 0 |w 0 |x 0 |y .i21153747 |z 12-11-19 | ||
